| 000 | 00840nam a2200277 i 4500 | ||
|---|---|---|---|
| 001 | 175700 | ||
| 003 | ES-MaACL | ||
| 005 | 20230906215910.0 | ||
| 007 | t| | ||
| 008 | 101117s1998 sp b ||||1| spa d | ||
| 020 | _a84-306-0015-9 | ||
| 080 | _a323.12(=411.16) | ||
| 080 | _a94(430)"1939/45" | ||
| 100 | 0 |
_aGoldhagen, Daniel Jonah. _957659 |
|
| 245 | 1 | 4 |
_aLos verdugos voluntarios de Hitler _b: los alemanes corrientes y el Holocausto / _cDaniel Jonah Goldhagen ; traducción de Jordi Fibla. |
| 250 | _a2ª ed. | ||
| 260 |
_a[Madrid] : _bTaurus, _c1998. |
||
| 300 |
_a752 p. : _bil. ; _c25 cm. |
||
| 490 | 1 | _aPensamiento | |
| 500 | _aÍndice. | ||
| 650 | 4 |
_aHolocausto judío (1939-1945) _9143979 |
|
| 700 | 1 |
_aFibla, Jordi. _950670 |
|
| 830 | 0 |
_aPensamiento _9178722 |
|
| 852 |
_aES-MaACL _jE-13560 |
||
| 999 |
_c175700 _d175700 |
||